Palindromes - Statistiques

Statistiques générales
  • Ce quiz a été pris 134 fois
  • Le résultat moyen est 6 sur 15
Statistiques - réponses
Indice Palindrome % Correct
De bonne heure. (adverbe) Tôt
93%
Large période historique qui commence à un évènement précis. (nom singulier) Ère
79%
Grimace, mot, situation d'une drôlerie inattendue. (nom singulier) Gag
48%
Mot esquimau, désignant l'embarcation individuelle des esquimaux. (nom singulier) Kayak
47%
Siège spécial que l'on sangle sur le dos d'une bête de somme pour la monter plus facilement. (nom pluriel) Selles
45%
Laisser aller son imagination sur des choses vagues. (verbe infinitif) Rêver
40%
Appareil émetteur-récepteur d'ondes électromagnétiques, qui permet, par retour, de situer la position d'un corps lorsque celui-ci fait obstacle aux ondes. (nom singulier) Radar
38%
Liquide nourricier des végétaux. (nom pluriel) Sèves
37%
Partie tournante d'un mécanisme rotatif. (nom singulier) Rotor
30%
Répéter sans cesse les mêmes choses. (verbe infinitif) Ressasser
29%
Ensemble des caractères qui permettent de distinguer les mâles des femelles. (nom pluriel) Sexes
27%
Explorer avec la main une autre fois. (verbe infinitif) Retâter
25%
Histoire familiale racontée sur plusieurs générations. (nom pluriel) Sagas
24%
Façon d'avancer, de marcher. (verbe conjugué) Erre
18%
Donner le caractère d'une chose à... (verbe infinitif) Réifier
0%
Aucun quiz correspondant
Distribution des résultats
% des personnes avec chaque résultat
Percentile par nombre de réponses
Votre historique - résultats
Vous n’avez pas pris ce quiz